000 00318nam a2200121Ia 4500
005 20251222143202.0
008 251222s9999||||xx |||||||||||||| ||spa||
082 _a371.2/A97
100 _aAziani, Andrés
245 0 _aGestión Educativa II
264 _bUniversidad Particular '' Marcelino Champagnat''
942 _cLIB
999 _c13124
_d13124